Hướng dẫn sử dụng Adobe Photoshop 5.0

Adobe photoshop 5.0 giúp bạn đọc thực hành các tính năng của phần mềm Adobe nhanh chóng và dễ dàng nhất thông qua các bài học, có một cái nhìn tổng thể về tính năng của chương trình, cách sử dụng.

保存先:
書誌詳細
フォーマット: 図書
言語:Undetermined
出版事項: Hà Nội Thống Kê 1998
主題:
タグ: タグ追加
タグなし, このレコードへの初めてのタグを付けませんか!
Thư viện lưu trữ: Trung tâm Học liệu Trường Đại học Cần Thơ
LEADER 00909nam a2200205Ia 4500
001 CTU_35025
008 210402s9999 xx 000 0 und d
020 |c 35000 
082 |a 006.68 
082 |b H561 
245 0 |a Hướng dẫn sử dụng Adobe Photoshop 5.0 
245 0 |c Nguyễn Đình Diên Thoan, Văn Thành ( biên dịch ) 
260 |a Hà Nội 
260 |b Thống Kê 
260 |c 1998 
520 |a Adobe photoshop 5.0 giúp bạn đọc thực hành các tính năng của phần mềm Adobe nhanh chóng và dễ dàng nhất thông qua các bài học, có một cái nhìn tổng thể về tính năng của chương trình, cách sử dụng. 
650 |a Application software,Computer graphics 
650 |x Computer programs 
904 |i QHieu (sửa) 
980 |a Trung tâm Học liệu Trường Đại học Cần Thơ